000 00389nam a22001697a 4500
003 OSt
005 20260316175535.0
008 260316b |||||||| |||| 00| 0 eng d
040 _cFLL
041 _aENG
_dENG
100 _aASHUTOSH
_9393911
245 _aBAIL LAW AND PROCEDURE
250 _a2nd
260 _aNEW DELHI
_bLAW AND JUSTICE
_c2024
300 _a488
942 _2CC
_cTB
_n0
999 _c1715557
_d1715557